Nuclear Iran : the birth of an atomic state

Bibliographic Details
Main Author: Patrikarakos, David
Format: Book
Published: London : I.B. Tauris & Co Ltd , 2012
Subjects:

MARC

LEADER 00000cam a2200000 7i4500
001 0000172570
005 20130812.0
020 |a 9781780761251 
090 0 0 |a 355.02170955   |b PAT 
100 1 |a Patrikarakos, David 
245 1 0 |a Nuclear Iran :   |b the birth of an atomic state   |c David Patrikarakos 
260 |a London :   |b I.B. Tauris & Co Ltd ,   |c 2012 
300 |a 340p. ;   |c 23cm. 
650 0 0 |a Nuclear arms control   |z Iran 
651 0 |a Iran   |x Foreign relations   |z United States 
651 0 |a United States   |x Foreign relation   |z Iran 
999 |a 00276536   |b BUKU   |c PINJAMAN   |e PERPUSTAKAAN KOMUNITI PETALING JAYA